Responses for show #6480 - Friday, November 16, 2012

2012-B Teachers Tournament semifinal game 3.

Contestants

[<< previous game]

Colby Burnett, a high school world history teacher from Chicago, Illinois

Brenton Montie, a sixth grade social studies teacher from South Lyon, Michigan

Drew Joanides, a high school history teacher from Miami, Florida

[next game >>]

Jeopardy! Round responses

ACT I
REALITY TV
IN THE "MM"IDDLE
(Alex: Notice the double "M"s. There will be two "M"s in exactly the middle of each correct response.)
PHYSICISTS
BOOZY TALK
IT'S A TOUGH JOB
    $200 4
Evita

Colby
    $200 1
"you're fired"

Brenton
    $200 6
hummus

Colby
    $200 28
[The end-of-round signal sounds.]

gas

Brenton
    $200 12
gin

Colby
    $200 23
a nurse

Brenton
    $400 5
Death of a Salesman

Brenton
    $400 2
Orange County

Colby
    $400 17
his teammate

Colby
    $400 21
his uncertainty principle

Colby
    $400 13
a port

Colby
    $400 24
China

Brenton
    $600 7
"Once upon a time"

Colby
    $600 3
(Brenton: What is Celebrity Intervention?)

Intervention

BrentonColby
    $600 18
(Colby: What's a committee?)

subcommittee

Colby
Triple Stumper
    $600 22
(Colby: What's hydrogen?)

uranium

BrentonColby
    $600 14
"Tequila"

Colby
    $600 25
linemen

Triple Stumper
    $800 8
The Odd Couple

Drew
    $800 10
(Gordon) Ramsay

Brenton
    $4,000 19
(Alex: You have the most money. How much are you gonna risk of that $4,000?)
(Colby: I'm gonna Roger Craig this--bet it all.)
(Alex: All right.)
[Laughter]
...
[Colby sighs]
(Alex: Hurry.)
(Colby: I have no idea.)

inflammatory

Colby
    $800 15
the Bourbons

Brenton
    $800 26
tea

Brenton
    $1000 9
(Drew: What is My Fair Lady?)
...
(Alex: You selected the musical that was based on the 1913 play called [*] by George Bernard Shaw.)

Pygmalion

Drew
Triple Stumper
    $1000 11
temperature and pressure

Triple Stumper
    $1000 20
mammon

Colby
    $1000 16
(Brenton: What is Zales?)

De Beers

BrentonColby
    $1000 27
(Drew: What is a submarine?)

a drilling platform

DrewColby

Scores at the first commercial break (after clue 15):

Drew Brenton Colby
-$200 $1,600 $3,200

Scores at the end of the Jeopardy! Round:

Drew Brenton Colby
-$1,200 $2,800 $1,800

Double Jeopardy! Round responses

RELIGION
BAYS & GULFS
MOVIE TERMS
AMERICAN HISTORY
ART APPRECIATION
17th CENTURY WORDS
    $400 4
Mormonism

Colby
    $400 15
the Gulf of Mexico

Brenton
    $400 10
a B-movie

Drew
    $400 1
Puerto Rico

Brenton
    $400 25
an opossum

Brenton
    $800 5
(Brenton: What is Sufi?)

Sunni

DrewBrenton
    $800 16
(Drew: What is Hudson Bay?)
(Brenton: What is the Gulf of Bafnia?)

the Gulf of St. Lawrence

DrewBrenton
Triple Stumper
    $800 11
The Godfather

Colby
    $800 2
consumers

Brenton
    $800 22
(Brenton: What is a rainbow?)

a spectrum

Brenton
Triple Stumper
    $1200 8
(Brenton: Who is the Pope?)
...
(Alex: [*]--the Lord's Prayer--yes.)

Our Father

BrentonColby
    $1200 17
Queensland

Colby
    $1200 12
(Brenton: What is a fade?)
(Alex: Be more specific.)
(Brenton: A Fade-in or fade-out?)
(Drew: What is a fade-out?)

a dissolve

DrewBrenton
Triple Stumper
    $1200 3
(Alex: And that show airs this Sunday on PBS.)

The Dustbowl

Colby
    $2,500 21
refugees

Brenton
    $1600 9
Taoism

Brenton
    $1600 19
Jutland

Brenton
    $1600 13
screwball

Brenton
    $2,000 6
Roger Williams

Drew
    $1600 27
[The end-of-round signal sounds.]

Oldenburg

Colby
    $1600 23
phosphorus

Colby
    $2000 18
Zoroastrianism

Colby
    $2000 20
(Alex: National because it is [*].)

the Sea of Japan

Triple Stumper
    $2000 14
day-for-night

Triple Stumper
    $2000 7
Chicago

Colby
    $2000 26
(Colby: Who is Matisse?)

Henri Rousseau

Colby
Triple Stumper
    $2000 24
antediluvian

Colby

Scores at the end of the Double Jeopardy! Round:

Drew Brenton Colby
$0 $7,300 $13,800

[wagering suggestions for these scores]

Final Jeopardy! Round responses

CLASSICAL MUSIC
(Alex: The musical piece is by Debussy and it has the same title as the poem.)
...
(Alex: [To Colby] He seemed happy and excited when I mentioned Debussy because he wrote down [*], the correct response.)
BrentonWhat is the moonlight sonata
$7,298
ColbyWhat Clair de Lune
$901
Clair de Lune

Final scores:

Drew Brenton Colby
$0 $2 $14,701
3rd place: $10,000 2nd place: $10,000 Finalist

Game dynamics:

Coryat scores:

Drew Brenton Colby
-$400 $6,000 $17,800
4 R
(including 1 DD),
4 W
17 R
(including 1 DD),
7 W
23 R,
4 W
(including 1 DD)

Combined Coryat: $23,400

The J! Archive is created by fans, for fans. The Jeopardy! game show and all elements thereof, including but not limited to copyright and trademark thereto, are the property of Jeopardy Productions, Inc. and are protected under law. This website is not affiliated with, sponsored by, or operated by Jeopardy Productions, Inc. Join the discussion at JBoard.tv.